Prince of storms (Record no. 284011)

MARC details
000 -LEADER
fixed length control field 00489nam a2200193Ia 4500
008 - FIXED-LENGTH DATA ELEMENTS--GENERAL INFORMATION
fixed length control field 191130s2010##################000#0#eng##
020 ## - INTERNATIONAL STANDARD BOOK NUMBER
ISBN 9781616142056
082 ## - DEWEY DECIMAL CLASSIFICATION NUMBER
Classification number 813.54 KEN
100 ## - MAIN ENTRY--AUTHOR NAME
Personal name Kenyon, Kay
245 ## - TITLE STATEMENT
Title Prince of storms
Statement of responsibility, etc Kay Kenyon
260 ## - PUBLICATION, DISTRIBUTION, ETC. (IMPRINT)
Place of publication Amherst, NY
Name of publisher Pyr
Year of publication 2010
300 ## - PHYSICAL DESCRIPTION
Number of Pages 389 p. ; 24 cm
650 ## - SUBJECT ADDED ENTRY--TOPICAL TERM
Topical Term English Fiction
991 ## -
-- 325247
Holdings
Withdrawn status Lost status Damaged status Not for loan Home library Current library Date acquired Full call number Accession Number Price effective from Koha item type
        Anna Centenary Library Anna Centenary Library 15.10.2020 813.54 KEN 492655 15.10.2020 English Books

Find us on the map